00716nam a2200229Ia 450000500170000000800410001702000180005805000240007610000270010024500550012725000110018226000310019330000160022433700100024033800140025033900120026450000150027650000500029194200070034195201210034899900170046920231102151720.0120626s2007 mx a g 000 0 spa d a970-666-001-104aPQ7297.A48 N38 2007 aALTAMIRANO, Ignacio M.10aNavidad en las montañasc/ Ignacio M. Altamirano a6a ed. aMéxico b: Tomoc, 2007 a99 paginas. atexto asin medio avolumen aLiteratura aContiene: prólogo\ dedicatoria\ índiceÌ cLB 00102lcc4070a14b14d2014-09-09l2m2oPQ7297.A48 N38 2007p14 002521r2023-03-31s2023-02-02t1w2014-09-09yLB c93952d93952